Представление документа в формате RUSMARC

ПолеНазваниеЗначение
  Тип записи a
  Библиографический уровень m
001 Контрольный номер RU/УОНБ/EK/323175051
005 Дата корректировки 20260619172132.1
010 Индекс ISBN __
d Цена 50 р.
100 Данные общей обработки __
a Данные общей обработки 20100329d1845 u y0rusy0189 ca
101 Язык документа 0_
a Язык текста rus
102 Страна публикации __
a Страна публикации RU
105 Кодированные данные (монография) __
a Кодированные данные (монография) y z 000yy
200 Заглавие и сведения об ответственности 1_
a Заглавие Историческое похвальное слово Карамзину, произнесенное, при открытии ему памятника, в Симбирске, Августа 23, 1845 года, в Собрании Симбирского дворянства, Академиком М. Погодиным
203 Вид содержания и тип средства __
a Вид содержания Текст
b Характеристика содержания визуальный
c Тип средства непосредственный
c Тип средства электронный
210 Выходные данные 1_
d Дата издания 1845
a Место издания Москва
c Издательство Типография А. Семена
215 Физическое описание __
a Объем 66 с.
d Формат 24 см
320 Библиография __
a Библиография Библиогр. в примеч.
325 Примечание о копии 1_
a Текст примечания Имеется электрон. копия
9 42607
606 Тематические рубрики 0_
a Основная рубрика Русская литература
x Основная подрубрика История
z Хронологическая подрубрика 18 в.
607 Географические рубрики __
a Географическое наименование Симбирск
x Тематический подзаголовок Памятники
x Тематический подзаголовок История
686 Индексы других классификаций __
a Классификационный индекс 83.3(2=Рус)4-8
2 Код системы rubbk
686 Индексы других классификаций __
a Классификационный индекс 63.3(2Р354-4Ул)-7
2 Код системы rubbk
700 Автор _1
a Фамилия Погодин
b Имя (инициалы) М. П.
g Полное личное имя Михаил Петрович
f Даты 1800-1875
801 Источник записи _0
a Страна RU
b Организация Ульяновская ОНБ
c Дата составления 20100329
g Правила каталогизации RCR
801 Источник записи _1
a Страна RU
b Организация Ульяновская ОНБ
c Дата составления 20100329
g Правила каталогизации RCR
900 Электронные ресурсы __
a Имя электронного ресурса Pogodin
901 Тип документа __
t Тип документа m
909 Создатель записи __
a Создатель записи Долгова
b Дата создания записи 20110609
910 Корректоры записи __
a Корректор записи Горбункова
b Дата внесения изменения в запись 20260619
9 42607
927 Симбирские коллекции __
a Симбирские коллекции Симбирско-Ульяновский край
927 Симбирские коллекции __
a Симбирские коллекции Симбирско-Ульяновский край
935 Информация о редкой книге __
a Статус редкой книги РК
938 Служебная информация __
a Имя БД books
b Имя библиотеки УОНБ
c Имя АИБС МАРК-SQL
d Номер DOC_ID в БД 236436